[Event "VIE-ch U20 Girls"]
[Site "Ho Chi Minh City"]
[Date "2022.07.11"]
[Round "1"]
[White "Nghiem, Thao Tam"]
[Black "Nguyen, Ngoc Hao"]
[Result "1-0"]
[WhiteElo "2058"]
[BlackElo "2067"]
[PlyCount "87"]
[EventDate "2022.07.11"]
[EventType "swiss"]
[EventRounds "9"]
[EventCountry "VIE"]
[SourceTitle "EXT 2023"]
[Source "ChessBase"]
[SourceDate "2022.10.05"]
[SourceVersion "1"]
[SourceVersionDate "2022.10.05"]
[SourceQuality "1"]

1. e4 e5 2. Nf3 Nc6 3. Bb5 d6 4. d4 Bd7 5. 0-0 Nf6 6. Nc3 h6 7. Bxc6 Bxc6 8. dxe5 Nxe4 9. Nxe4 Bxe4 10. exd6 Bxf3 11. Re1+ Kd7 12. Qxf3 Bxd6 13. Qxf7+ Kc8 14. Qxg7 h5 15. Bg5 Qf8 16. Qxf8+ Rxf8 17. Be7 Bxe7 18. Rxe7 Kd8 19. Re5 Rh8 20. Rd1+ Kc8 21. Rdd5 b6 22. Rxh5 Re8 23. Rhe5 Rf8 24. Re7 Kb7 25. Rdd7 Rac8 26. g4 Rf4 27. h3 a6 28. Kg2 Rc4 29. c3 b5 30. f3 b4 31. Rd4 Rxd4 32. cxd4 Kb6 33. h4 Rd8 34. Re4 c5 35. dxc5+ Kxc5 36. Re2 a5 37. h5 a4 38. h6 Rh8 39. g5 Kc4 40. f4 Kd3 41. Rf2 Ke4 42. f5 Ke5 43. g6 Rxh6 44. g7 1-0

[Event "VIE-ch U20 Girls"]
[Site "Hanoi"]
[Date "2022.06.13"]
[Round "3"]
[White "Nguyen, Ngoc Hao"]
[Black "Tran, Thi Hong Phan"]
[Result "0-1"]
[WhiteElo "2066"]
[BlackElo "2059"]
[PlyCount "102"]
[EventDate "2022.06.11"]
[EventType "swiss"]
[EventRounds "7"]
[EventCountry "VIE"]
[SourceTitle "EXT 2023"]
[Source "ChessBase"]
[SourceDate "2022.10.05"]
[SourceVersion "1"]
[SourceVersionDate "2022.10.05"]
[SourceQuality "1"]

1. d4 g6 2. c4 Bg7 3. Nc3 d6 4. Nf3 Nf6 5. e4 0-0 6. Be2 Nc6 7. 0-0 e5 8. d5 Ne7 9. h3 a5 10. Re1 Ne8 11. Nh2 f5 12. f3 h6 13. Nf1 f4 14. Kh2 g5 15. g3 fxg3+ 16. Nxg3 Ng6 17. Nh5 Nh4 18. Rg1 Qd7 19. Qf1 Qf7 20. Ng3 Nf6 21. Bd2 Kh8 22. Be1 Ng8 23. Rb1 Ne7 24. a3 Neg6 25. Nh5 Nxf3+ 26. Bxf3 Qxf3 27. Qxf3 Rxf3 28. Rg3 Rf7 29. Nxg7 Rxg7 30. Rf3 Nf4 31. Bd2 b6 32. Rg1 Ba6 33. b3 Rf8 34. a4 Bc8 35. Bxf4 exf4 36. Rgf1 Kh7 37. Nb5 Re7 38. Re1 h5 39. Kg2 g4 40. hxg4 hxg4 41. Rh1+ Kg6 42. Rff1 Rxe4 43. Nc3 Re3 44. Rc1 Bf5 45. Rhf1 Bd3 46. Rg1 g3 47. Rce1 f3+ 48. Kxg3 Rxe1 49. Rxe1 f2 50. Re6+ Kh5 51. Ne4 f1Q 0-1

[Event "VIE-ch U17 Girls"]
[Site "Hanoi"]
[Date "2020.??.??"]
[Round "2"]
[White "Nguyen, Ngoc Hao"]
[Black "Nguyen, Thi Ha Phuong"]
[Result "0-1"]
[WhiteElo "2215"]
[BlackElo "2217"]
[PlyCount "48"]
[EventDate "2020.10.22"]
[EventType "tourn"]
[EventRounds "5"]
[EventCountry "VIE"]
[SourceTitle "EXT 2022"]
[Source "ChessBase"]
[SourceDate "2021.10.06"]
[SourceVersion "1"]
[SourceVersionDate "2021.10.06"]
[SourceQuality "1"]

1. d4 d5 2. c4 c6 3. Nc3 Nf6 4. Bf4 Bf5 5. e3 e6 6. c5 b6 7. b4 Nbd7 8. Nf3 Ne4 9. Rc1 a5 10. a3 axb4 11. axb4 bxc5 12. bxc5 Ndf6 13. Be2 Nxc3 14. Qb3 Nfe4 15. Bd3 Na2 16. Rc2 Qa5+ 17. Kf1 Nb4 18. Rb2 Nxd3 19. Rb1 Nexf2 20. Rg1 Nxf4 21. exf4 Bxb1 22. Qxb1 Ne4 23. g3 Qc3 24. Ne1 Nd2+ 0-1